ბათუმის შოთა რუსთაველის სახელმწიფო უნივერსიტეტის ბიბლიოთეკა

ასკანელი ქალიშვილი (ბიბ.ჩანაწერი № 48799)

000 -LEADER
fixed length control field 00801nam a2200229Ia 4500
001 - CONTROL NUMBER
control field 15701
003 - CONTROL NUMBER IDENTIFIER
control field GE_BSU
008 - FIXED-LENGTH DATA ELEMENTS--GENERAL INFORMATION
fixed length control field 181216s||||||||xx |||||||||||||| ||und||
040 ## - CATALOGING SOURCE
Transcribing agency GE_BSU
080 ## - UNIVERSAL DECIMAL CLASSIFICATION NUMBER
Universal Decimal Classification number 633.72(479.22)(092)
100 ## - MAIN ENTRY--PERSONAL NAME
Personal name წვერავა, სიმონ
245 ## - TITLE STATEMENT
Title ასკანელი ქალიშვილი
245 ## - TITLE STATEMENT
Remainder of title ნარკვევი მეჩაიე კლ. ნაცვალაძეზე
245 ## - TITLE STATEMENT
Statement of responsibility, etc. რედ.ნ.ჩირაძე. მხ.ტ.შეყილაძე
260 ## - PUBLICATION, DISTRIBUTION, ETC.
Place of publication, distribution, etc. თბილისი
260 ## - PUBLICATION, DISTRIBUTION, ETC.
Name of publisher, distributor, etc. ნაკადული
260 ## - PUBLICATION, DISTRIBUTION, ETC.
Date of publication, distribution, etc. 1969
300 ## - PHYSICAL DESCRIPTION
Extent 84გვ. : პორტრ. ; 20სმ
653 ## - INDEX TERM--UNCONTROLLED
Uncontrolled term ასკანელი ქალიშვილი
653 ## - INDEX TERM--UNCONTROLLED
Uncontrolled term ნარკვევი
942 ## - ADDED ENTRY ELEMENTS (KOHA)
Koha item type წიგნი
ეგზემპლარები
Withdrawn status Lost status Damaged status Not for loan Date acquired Barcode Date last seen Price effective from Koha item type
        2018-12-17 38986 2018-12-17 2018-12-17 წიგნი